书目信息 |
| 题名: |
铁线莲栽培12月计划
|
|
| 作者: | 米米童 著 ;奈奈与七 绘 | |
| 分册: | ||
| 出版信息: | 武汉 湖北科学技术出版社 2018.05 |
|
| 页数: | 109页 | |
| 开本: | 26cm | |
| 丛书名: | ||
| 单 册: | ||
| 中图分类: | S687.3 | |
| 科图分类: | ||
| 主题词: | 攀缘植物--pan yuan zhi wu--观赏园艺 | |
| 电子资源: | ||
| ISBN: | 978-7-5706-0260-5 | |
| 000 | 00987nam0 2200253 450 | |
| 001 | 0106081754 | |
| 005 | 20201106082043.0 | |
| 010 | @a978-7-5706-0260-5@dCNY48.00 | |
| 100 | @a20181129e20202018em y0chiy50 ea | |
| 101 | 0 | @achi |
| 102 | @aCN@b420000 | |
| 105 | @aa z 000yy | |
| 106 | @ar | |
| 200 | 1 | @a铁线莲栽培12月计划@Atie xian lian zai pei 12yue ji hua@f米米童著@g奈奈与七绘 |
| 210 | @a武汉@c湖北科学技术出版社@d2018.05@h2020.05 | |
| 215 | @a109页@c彩图@d26cm | |
| 300 | @a绿手指铁线莲达人系列 | |
| 330 | @a本书介绍了铁线莲的历史、植物学知识、从零开始种植铁线莲等相关的基础知识;以时间轴为主线,分月介绍铁线莲日常养护、修剪、换盆、施肥、防治病虫害等栽培要点,并穿插常见品种的种植要素;对经典铁线莲品种进行重点展示,帮助读者迅速进入铁线莲的世界。 | |
| 606 | 0 | @a攀缘植物@Apan yuan zhi wu@x观赏园艺 |
| 690 | @aS687.3@v5 | |
| 701 | 0 | @a米米童@Ami mi tong@4著 |
| 702 | 0 | @a奈奈与七@Anai nai yu qi@4绘 |
| 801 | 0 | @aCN@bBJSZM@c20201106 |
| 905 | @b1191112-5@dS687.3@e608@f4 | |
| 铁线莲栽培12月计划/米米童著/奈奈与七绘.-武汉:湖北科学技术出版社,2018.05(2020.05) |
| 109页:彩图;26cm |
| 绿手指铁线莲达人系列 |
| ISBN 978-7-5706-0260-5:CNY48.00 |
| 本书介绍了铁线莲的历史、植物学知识、从零开始种植铁线莲等相关的基础知识;以时间轴为主线,分月介绍铁线莲日常养护、修剪、换盆、施肥、防治病虫害等栽培要点,并穿插常见品种的种植要素;对经典铁线莲品种进行重点展示,帮助读者迅速进入铁线莲的世界。 |
| ● |
| 相关链接 |
|
|
|
|
正题名:铁线莲栽培12月计划
索取号:S687.3/608
 
预约/预借
| 序号 | 登录号 | 条形码 | 馆藏地/架位号 | 状态 | 备注 |
| 1 | 1191112 | 211911127 | 第二样本阅览室/ [索取号:S687.3/608] | 在馆 | |
| 2 | 1191113 | 211911136 | 第三借阅区/ [索取号:S687.3/608] | 在馆 | |
| 3 | 1191114 | 211911145 | 第三借阅区/ [索取号:S687.3/608] | 在馆 | |
| 4 | 1191115 | 211911154 | 第三借阅区/ [索取号:S687.3/608] | 在馆 |